000 00844nas a2200289 4500
001 BR2014001298
003 BR-BrBNA
005 20231205123801.0
007 ta
008 230509b bl.|||p| |||| 00| 00por d
040 _aBR-BrBNA
_bpor
_cBiblioteca Nacional de Agricultura
041 _a(Pt)
072 _aF01
100 1 _aSilva, G.O. da
100 1 _aPereira, A. da S.
100 1 _aSuinaga, F.A.
100 1 _aPonijaleki, R.
245 1 _aQualidade de pele e produtividade da cultivar de batata BRS Clara
650 _aBATATA
650 _aSOLANUM TUBEROSUM
650 _aTUBÉRCULO
650 _aQUALIDADE
650 _aPRODUTIVIDADE
773 0 _tHorticultura Brasileira (Brazil)
_xISSN 0102-0536
_g(Oct-Dec 2013), v. 31(4) p. 613-617
_wBR2014001298
909 _a202311
_bLúcia
_c55
_dLúcia Elande
942 _2AGRIS
_n0
_cANA
999 _c235689
_d235689